000 00756nam a2200253 u 4500
999 _c153809
_d153809
003 UPN
005 20220518152234.0
008 110907s2006 mx r 000 0 spa d
020 _a9707703555
035 _aUPN01000181706
040 _aUPN
_bspa
_cUPN
049 _aI
050 4 _aQB521
_bV4.2
100 1 _aVerdet, Jean-Pierre
245 1 3 _aEl cielo :
_bel sol y el día /
_cJean-Pierre Verdet ; il. Christian Broutin ; tr. de Marcela González Durán.
260 _aMéxico :
_bAltea,
_c2006.
300 _a34 p. :
_ail. col.
440 0 _aAltea Benjamín
534 _pTítulo original:
_tLe ciel, le soleil et le jour :
650 2 _aSol
_xObservaciones
_919519
650 2 _aEnergía solar
_98272
905 _aInfantil
942 _2lcc
_cLIBRO